000 00757nam a2200229Ii 4500
003 JO-AjNU
008 230605s9999||||xx |||||||||||||| ||und||
017 _a2011/5117
020 _a978-977-277-664-5
040 _aJO-AjNU
_bara
_erda
_cJO-AjNU
041 _aara
050 1 4 _aPJ6066 2011
100 3 _aتاليف Mohammed,Shawki Saad eldin,
_eauthor
_933954
245 0 0 _aEnglish Without Mistakes:إنجليزية بدون أخطاء
250 _aط1
264 3 1 _aCairo: Dar El Talae, 2011
300 _a144ص
336 _atext
_btxt
_2rdacontent
337 _aunmediated
_bn
_2rdamedia
338 _avolume
_bnc
_2rdacarrier
650 4 _aEnglish Language-Study and Teaching-English Without Mistakes-إنجليزية بدون أخطاء
_933955
999 _aA13871
_c17439
_d17439